[Event "Mittelfranken Landesliga Nord 2122"]
[Site "Mittelfranken"]
[Date "2021.10.24"]
[Round "1.5"]
[White "Helgert, Johannes"]
[Black "Braun, Michael1111"]
[Result "0-1"]
[WhiteElo "1992"]
[BlackElo "2093"]
[PlyCount "42"]
[EventDate "2021.10.24"]
[EventType "team-tourn"]
[EventRounds "9"]
[EventCountry "GER"]
[SourceTitle "EXT 2024"]
[Source "ChessBase"]
[SourceDate "2023.10.10"]
[SourceVersion "1"]
[SourceVersionDate "2023.10.10"]
[SourceQuality "1"]
[WhiteTeam "Wuerzburg"]
[BlackTeam "Nuernberg NT II"]
[WhiteTeamCountry "GER"]
[BlackTeamCountry "GER"]

1. d4 f5 2. Bg5 g6 3. Nc3 Nh6 4. e4 Nf7 5. h4 fxe4 6. Nxe4 d5 7. Ng3 Qd6 8. Nf3 Bg4 9. Be2 Nd7 10. Qd2 Bg7 11. 0-0-0 0-0-0 12. Bf4 Qb6 13. c3 Rhf8 14. Rde1 e5 15. Nxe5 Nfxe5 16. dxe5 Be6 17. Bd3 d4 18. c4 Nc5 19. Ne2 Qa6 20. Bb1 Qxc4+ 21. Kd1 d3 0-1

[Event "Landesliga Nord 1819"]
[Site "Bayern"]
[Date "2019.04.07"]
[Round "9.3"]
[White "Kunz, Konstantin"]
[Black "Helgert, Johannes"]
[Result "1/2-1/2"]
[WhiteElo "2062"]
[BlackElo "1996"]
[PlyCount "47"]
[EventDate "2018.10.21"]
[EventType "team-tourn"]
[EventRounds "9"]
[EventCountry "GER"]
[SourceTitle "EXT 2022"]
[Source "ChessBase"]
[SourceDate "2021.10.06"]
[SourceVersion "1"]
[SourceVersionDate "2021.10.06"]
[SourceQuality "1"]
[WhiteTeam "Kitzingen SC"]
[BlackTeam "Wuerzburg"]
[WhiteTeamCountry "GER"]
[BlackTeamCountry "GER"]

1. d4 e6 2. Nf3 Nf6 3. e3 b6 4. Bd3 Bb7 5. 0-0 c5 6. c4 Be7 7. Nc3 0-0 8. d5 d6 9. e4 e5 10. Ne1 Nbd7 11. g3 Ne8 12. Be3 Bg5 13. f4 Bh6 14. Nf3 g6 15. Qe2 f6 16. h4 Ng7 17. fxe5 Bxe3+ 18. Qxe3 Nxe5 19. Nxe5 fxe5 20. Be2 Bc8 21. Rxf8+ Qxf8 22. Qg5 Bd7 23. Rf1 Qd8 24. Qf6 1/2-1/2

[Event "Landesliga Nord 1819"]
[Site "Bayern"]
[Date "2019.03.24"]
[Round "8.3"]
[White "Helgert, Johannes"]
[Black "Kraich, Klaus"]
[Result "1/2-1/2"]
[WhiteElo "1996"]
[BlackElo "2096"]
[PlyCount "62"]
[EventDate "2018.10.21"]
[EventType "team-tourn"]
[EventRounds "9"]
[EventCountry "GER"]
[SourceTitle "EXT 2022"]
[Source "ChessBase"]
[SourceDate "2021.10.06"]
[SourceVersion "1"]
[SourceVersionDate "2021.10.06"]
[SourceQuality "1"]
[WhiteTeam "Wuerzburg"]
[BlackTeam "Klingenberg"]
[WhiteTeamCountry "GER"]
[BlackTeamCountry "GER"]

1. d4 d5 2. c4 e6 3. Nc3 Nf6 4. cxd5 exd5 5. Bg5 Be7 6. e3 h6 7. Bh4 0-0 8. Bd3 b6 9. Nge2 Bb7 10. 0-0 Ne4 11. Bxe7 Qxe7 12. Qc2 Nxc3 13. bxc3 Nd7 14. Rae1 Nf6 15. Ng3 Rfe8 16. f3 c5 17. Re2 Kf8 18. Qb1 Qc7 19. Qe1 Rac8 20. e4 dxe4 21. fxe4 cxd4 22. cxd4 Qc3 23. Qxc3 Rxc3 24. Bb5 Bc6 25. Bxc6 Rxc6 26. e5 Nd5 27. Ne4 Re7 28. Ref2 Ne3 29. Re1 Nd5 30. Ref1 Ne3 31. Re1 Nd5 1/2-1/2

[Event "Landesliga Nord 1819"]
[Site "Bayern"]
[Date "2018.12.16"]
[Round "4.3"]
[White "Helgert, Johannes"]
[Black "Doeres, Hans Juergen"]
[Result "0-1"]
[WhiteElo "1996"]
[BlackElo "2156"]
[PlyCount "90"]
[EventDate "2018.10.21"]
[EventType "team-tourn"]
[EventRounds "9"]
[EventCountry "GER"]
[SourceTitle "EXT 2022"]
[Source "ChessBase"]
[SourceDate "2021.10.06"]
[SourceVersion "1"]
[SourceVersionDate "2021.10.06"]
[SourceQuality "1"]
[WhiteTeam "Wuerzburg"]
[BlackTeam "Forchheim SC"]
[WhiteTeamCountry "GER"]
[BlackTeamCountry "GER"]

1. d4 d5 2. c4 c6 3. Nf3 Nf6 4. Nc3 a6 5. a4 e6 6. Bg5 a5 7. e3 Na6 8. Be2 Be7 9. 0-0 0-0 10. Bxf6 Bxf6 11. e4 dxe4 12. Nxe4 Be7 13. c5 Nb4 14. Qd2 Qc7 15. Rac1 f6 16. Rfd1 Bd7 17. Bc4 Nd5 18. Re1 Be8 19. Ng3 Bf7 20. Bxd5 cxd5 21. b4 b6 22. b5 bxc5 23. dxc5 Bxc5 24. Qc2 Rac8 25. Nd4 Qd7 26. Nc6 Bb6 27. Qd2 Ra8 28. Ne4 Rfe8 29. Nc5 Bxc5 30. Rxc5 e5 31. Rec1 d4 32. Nxa5 Qa7 33. Nc6 Qxa4 34. b6 Qa6 35. Qb4 d3 36. b7 d2 37. Rd1 Qe2 38. Qb1 Bh5 39. Ne7+ Kf7 40. Qb3+ Kxe7 41. Rc7+ Kf8 42. h3 Qxd1+ 43. Qxd1 Bxd1 44. bxa8Q Rxa8 45. Rd7 Ra2 0-1

[Event "Landesliga Nord 1819"]
[Site "Bayern"]
[Date "2018.11.25"]
[Round "3.2"]
[White "Helgert, Johannes"]
[Black "Epding, Olaf"]
[Result "1/2-1/2"]
[WhiteElo "1996"]
[BlackElo "2171"]
[PlyCount "88"]
[EventDate "2018.10.21"]
[EventType "team-tourn"]
[EventRounds "9"]
[EventCountry "GER"]
[SourceTitle "EXT 2022"]
[Source "ChessBase"]
[SourceDate "2021.10.06"]
[SourceVersion "1"]
[SourceVersionDate "2021.10.06"]
[SourceQuality "1"]
[WhiteTeam "Wuerzburg"]
[BlackTeam "Nuernberg NT II"]
[WhiteTeamCountry "GER"]
[BlackTeamCountry "GER"]

1. e4 e6 2. d4 d5 3. Nd2 c5 4. Ngf3 Nc6 5. exd5 exd5 6. Bb5 Bd6 7. 0-0 Nge7 8. dxc5 Bxc5 9. Nb3 Bb6 10. Nbd4 0-0 11. h3 Qd6 12. Be3 h6 13. c3 Rd8 14. Re1 Qf6 15. Qd2 Ng6 16. Rad1 Nce5 17. Be2 Bd7 18. Qc2 Rac8 19. Qb3 Nc4 20. Bd3 Nf4 21. Bxf4 Qxf4 22. Qc2 Re8 23. Bxc4 dxc4 24. Rxe8+ Rxe8 25. Qd2 Qf6 26. Re1 Rc8 27. Ne5 Ba4 28. Qe2 Re8 29. Ndf3 Bc6 30. Qd2 Rd8 31. Qe2 Bxf3 32. Nxf3 Qf4 33. Qe4 Qg3 34. Nd4 Bxd4 35. cxd4 Qc7 36. d5 Qc5 37. Rd1 b5 38. d6 Rxd6 39. Rxd6 Qxd6 40. Qe8+ Kh7 41. Qxb5 Qd3 42. a4 f6 43. Kh2 Qc2 44. f3 Qd3 1/2-1/2

[Event "Landesliga Nord 1819"]
[Site "Bayern"]
[Date "2018.10.21"]
[Round "1.4"]
[White "Helgert, Johannes"]
[Black "Krauss, Josef"]
[Result "1-0"]
[WhiteElo "1996"]
[BlackElo "2066"]
[PlyCount "23"]
[EventDate "2018.10.21"]
[EventType "team-tourn"]
[EventRounds "9"]
[EventCountry "GER"]
[SourceTitle "EXT 2022"]
[Source "ChessBase"]
[SourceDate "2021.10.06"]
[SourceVersion "1"]
[SourceVersionDate "2021.10.06"]
[SourceQuality "1"]
[WhiteTeam "Wuerzburg"]
[BlackTeam "Schweinfurt"]
[WhiteTeamCountry "GER"]
[BlackTeamCountry "GER"]

1. d4 d5 2. c4 c6 3. Nf3 Nf6 4. Nc3 a6 5. a4 e6 6. Bg5 Nbd7 7. e3 Qa5 8. Bd3 Ne4 9. Bxe4 dxe4 10. Ne5 Nxe5 11. dxe5 Qxe5 12. Qd8# 1-0

[Event "Landesliga Nord 1718"]
[Site "Bayern"]
[Date "2018.02.04"]
[Round "6.5"]
[White "Seibold, Hubert"]
[Black "Helgert, Johannes"]
[Result "1-0"]
[WhiteElo "2094"]
[BlackElo "1996"]
[PlyCount "91"]
[EventDate "2017.10.22"]
[EventType "team-tourn"]
[EventRounds "9"]
[EventCountry "GER"]
[SourceTitle "EXT 2022"]
[Source "ChessBase"]
[SourceDate "2021.10.06"]
[SourceVersion "1"]
[SourceVersionDate "2021.10.06"]
[SourceQuality "1"]
[WhiteTeam "Zirndorf"]
[BlackTeam "Wuerzburg"]
[WhiteTeamCountry "GER"]
[BlackTeamCountry "GER"]

1. Nf3 Nf6 2. c4 b6 3. g3 Bb7 4. Bg2 e6 5. 0-0 c5 6. Nc3 Be7 7. b3 0-0 8. Bb2 a6 9. e3 d5 10. cxd5 Nxd5 11. d4 Nxc3 12. Bxc3 Nc6 13. dxc5 Bxc5 14. Qe2 Qe7 15. Rfd1 Rfd8 16. h4 Bb4 17. Bb2 Ba3 18. Bxa3 Qxa3 19. Ne5 Rxd1+ 20. Rxd1 Qc5 21. Nxf7 Kxf7 22. Rd7+ Kg8 23. Rxb7 Ne5 24. f4 Ng6 25. h5 Nf8 26. Rxg7+ Kxg7 27. Bxa8 Nd7 28. Bf3 Nf6 29. Kg2 b5 30. g4 Nd5 31. Bxd5 Qxd5+ 32. e4 Qd4 33. g5 e5 34. Qc2 exf4 35. Qc7+ Kg8 36. Qb8+ Kg7 37. Qxf4 Qb2+ 38. Kg3 Qxa2 39. Qf6+ Kg8 40. Qe6+ Kf8 41. g6 hxg6 42. hxg6 Kg7 43. Qf7+ Kh6 44. g7 Qd2 45. g8N+ Kg5 46. Qf5# 1-0

[Event "Landesliga Nord 1718"]
[Site "Bayern"]
[Date "2017.12.10"]
[Round "4.3"]
[White "Kordts, Wolfgang"]
[Black "Helgert, Johannes"]
[Result "1/2-1/2"]
[WhiteElo "2117"]
[BlackElo "1996"]
[PlyCount "44"]
[EventDate "2017.10.22"]
[EventType "team-tourn"]
[EventRounds "9"]
[EventCountry "GER"]
[SourceTitle "EXT 2022"]
[Source "ChessBase"]
[SourceDate "2021.10.06"]
[SourceVersion "1"]
[SourceVersionDate "2021.10.06"]
[SourceQuality "1"]
[WhiteTeam "Nuernberg Sued SW"]
[BlackTeam "Wuerzburg"]
[WhiteTeamCountry "GER"]
[BlackTeamCountry "GER"]

1. d4 e6 2. Nf3 Nf6 3. c4 Bb4+ 4. Nbd2 0-0 5. a3 Be7 6. e4 d5 7. e5 Nfd7 8. cxd5 exd5 9. Bd3 c5 10. 0-0 Nc6 11. Re1 Qb6 12. Nf1 Nxd4 13. Nxd4 cxd4 14. Bc2 Rd8 15. b4 a5 16. Rb1 axb4 17. axb4 Nf8 18. Ng3 g6 19. Ne2 Ne6 20. Bb2 Ra2 21. Bxd4 Nxd4 22. Qxd4 Qxd4 1/2-1/2

[Event "Regionalliga NW 1516"]
[Site "Bayern"]
[Date "2016.04.10"]
[Round "9.3"]
[White "Helgert, Johannes"]
[Black "Reichel, Alfred"]
[Result "1-0"]
[WhiteElo "1963"]
[BlackElo "1954"]
[PlyCount "107"]
[EventDate "2015.10.11"]
[EventType "team-tourn"]
[EventRounds "9"]
[EventCountry "GER"]
[SourceTitle "EXT 2018"]
[Source "ChessBase"]
[SourceDate "2017.10.13"]
[SourceVersion "1"]
[SourceVersionDate "2017.10.13"]
[SourceQuality "1"]
[WhiteTeam "Wuerzburg"]
[BlackTeam "Kirchenlaibach"]
[WhiteTeamCountry "GER"]
[BlackTeamCountry "GER"]

1. b3 e5 2. Bb2 Nc6 3. e3 Nf6 4. Bb5 d6 5. Ne2 Bd7 6. d4 exd4 7. Nxd4 Nxd4 8. Bxd7+ Qxd7 9. Qxd4 Be7 10. c4 c5 11. Qd3 d5 12. Nc3 0-0-0 13. cxd5 Nxd5 14. 0-0-0 Nxc3 15. Qxd7+ Rxd7 16. Bxc3 Rxd1+ 17. Rxd1 f6 18. Rd5 Kc7 19. Kc2 Kc6 20. e4 g6 21. Rd3 Rf8 22. Rh3 Rf7 23. Kd3 b5 24. Rf3 f5 25. exf5 Rxf5 26. Rxf5 gxf5 27. h3 h5 28. f3 h4 29. Be1 Kd5 30. g4 hxg3 31. Bxg3 c4+ 32. bxc4+ bxc4+ 33. Kc2 Bf6 34. h4 a6 35. h5 Bg5 36. Be1 Kd4 37. Bc3+ Kd5 38. Bg7 Ke6 39. Kc3 Kf7 40. h6 Kg6 41. Kxc4 Bxh6 42. Bxh6 Kxh6 43. Kd5 a5 44. a4 Kh5 45. Ke6 Kg5 46. Ke5 Kg6 47. f4 Kg7 48. Kxf5 Kf7 49. Ke5 Ke7 50. Kd5 Kf6 51. Kc5 Kf5 52. Kb5 Kxf4 53. Kxa5 Ke5 54. Kb6 1-0

[Event "Regionalliga NW 1516"]
[Site "Bayern"]
[Date "2016.01.17"]
[Round "5.3"]
[White "Helgert, Johannes"]
[Black "Koch, Christian1111"]
[Result "1/2-1/2"]
[WhiteElo "1963"]
[BlackElo "1930"]
[PlyCount "52"]
[EventDate "2015.10.11"]
[EventType "team-tourn"]
[EventRounds "9"]
[EventCountry "GER"]
[SourceTitle "EXT 2018"]
[Source "ChessBase"]
[SourceDate "2017.10.13"]
[SourceVersion "1"]
[SourceVersionDate "2017.10.13"]
[SourceQuality "1"]
[WhiteTeam "Wuerzburg"]
[BlackTeam "Hoechstadt/Aisch"]
[WhiteTeamCountry "GER"]
[BlackTeamCountry "GER"]

1. b3 d5 2. e3 c5 3. Bb2 Nc6 4. Bb5 Bf5 5. f4 Nf6 6. Nf3 e6 7. Ne5 Rc8 8. 0-0 Bd6 9. Bxc6+ bxc6 10. d3 0-0 11. Nd2 Bxe5 12. fxe5 Ng4 13. Qe1 h5 14. Nf3 Qb6 15. h3 Nh6 16. Ba3 Rfd8 17. Qc3 c4 18. d4 Qa6 19. Bc5 Bg6 20. Nd2 Nf5 21. Kh2 h4 22. bxc4 Rd7 23. Rf4 Bh5 24. cxd5 cxd5 25. Qd3 Qxd3 26. cxd3 g5 1/2-1/2

[Event "Landesliga Nord 1415"]
[Site "Bayern"]
[Date "2015.02.01"]
[Round "6.3"]
[White "Helgert, Johannes"]
[Black "Urytskyy, Arkadiy"]
[Result "1-0"]
[WhiteElo "1963"]
[BlackElo "2032"]
[PlyCount "85"]
[EventDate "2014.10.19"]
[EventType "team-tourn"]
[EventRounds "9"]
[EventCountry "GER"]
[SourceTitle "EXT 2018"]
[Source "ChessBase"]
[SourceDate "2017.10.13"]
[SourceVersion "1"]
[SourceVersionDate "2017.10.13"]
[SourceQuality "1"]
[WhiteTeam "Wuerzburg"]
[BlackTeam "Bindlach Aktionaer II"]
[WhiteTeamCountry "GER"]
[BlackTeamCountry "GER"]

1. c4 c5 2. Nc3 Nf6 3. g3 d5 4. cxd5 Nxd5 5. Bg2 Nc7 6. Nf3 Nc6 7. 0-0 e5 8. d3 Be7 9. Be3 0-0 10. a3 Be6 11. Rb1 f6 12. Na4 b6 13. Ng5 Bd5 14. Bxd5+ Qxd5 15. Nc3 Qd7 16. Qb3+ Kh8 17. Nf7+ Rxf7 18. Qxf7 Rf8 19. Qc4 b5 20. Qe4 f5 21. Qg2 f4 22. Bc1 Nd4 23. f3 b4 24. axb4 cxb4 25. Ne4 Nd5 26. Bd2 a5 27. b3 Qe6 28. Rb2 Nb6 29. Rfb1 Rc8 30. gxf4 exf4 31. Bxf4 Bf6 32. Nxf6 gxf6 33. Kh1 Rg8 34. Qf2 Nb5 35. Ra1 Nd5 36. Bd2 Qe5 37. Rbb1 Nbc3 38. Re1 Nf4 39. Bxf4 Qxf4 40. Rxa5 Qd2 41. Qh4 Rg6 42. Ra8+ Kg7 43. Ra7+ 1-0

[Event "Landesliga Nord 1415"]
[Site "Bayern"]
[Date "2015.01.18"]
[Round "5.5"]
[White "Wambach, Juergen"]
[Black "Helgert, Johannes"]
[Result "0-1"]
[WhiteElo "1922"]
[BlackElo "1963"]
[PlyCount "92"]
[EventDate "2014.10.19"]
[EventType "team-tourn"]
[EventRounds "9"]
[EventCountry "GER"]
[SourceTitle "EXT 2018"]
[Source "ChessBase"]
[SourceDate "2017.10.13"]
[SourceVersion "1"]
[SourceVersionDate "2017.10.13"]
[SourceQuality "1"]
[WhiteTeam "Klingenberg"]
[BlackTeam "Wuerzburg"]
[WhiteTeamCountry "GER"]
[BlackTeamCountry "GER"]

1. Nf3 Nf6 2. d3 c5 3. c3 d5 4. Qc2 Nc6 5. e4 e5 6. Be2 Be7 7. 0-0 0-0 8. Nbd2 Qc7 9. Re1 h6 10. Nf1 Be6 11. Ng3 c4 12. exd5 cxd3 13. Bxd3 Nxd5 14. Bf5 Bxf5 15. Qxf5 g6 16. Qh3 h5 17. Ne4 Qc8 18. Qg3 Qg4 19. Nxe5 Qxg3 20. Nxg3 Bf6 21. Nd7 Rfd8 22. Nxf6+ Nxf6 23. Bg5 Rd6 24. Ne4 Nxe4 25. Rxe4 Kg7 26. Kf1 Rd5 27. Be3 Rad8 28. a4 a6 29. Rc4 R8d7 30. b4 f6 31. Rb1 Ne5 32. Rc8 Ng4 33. c4 Rd3 34. Ke2 Ra3 35. a5 Re7 36. c5 Nxh2 37. c6 bxc6 38. Rxc6 Ng4 39. Rxa6 f5 40. Kd2 Nxe3 41. fxe3 Rexe3 42. Rc6 Rg3 43. Rg1 Rgb3 44. Rc4 Rb2+ 45. Kc1 Rab3 46. Rd1 Rxb4 0-1

[Event "Landesliga Nord 1314"]
[Site "Bayern"]
[Date "2014.04.06"]
[Round "9.8"]
[White "Helgert, Johannes"]
[Black "Birkmann, Guenther"]
[Result "1-0"]
[WhiteElo "1993"]
[BlackElo "2052"]
[PlyCount "59"]
[EventDate "2013.10.13"]
[EventType "team"]
[EventRounds "9"]
[EventCountry "GER"]
[SourceTitle "EXT 2015"]
[Source "ChessBase"]
[SourceDate "2014.11.20"]
[SourceVersion "1"]
[SourceVersionDate "2014.11.20"]
[SourceQuality "1"]
[WhiteTeam "Wuerzburg"]
[BlackTeam "Zirndorf"]
[WhiteTeamCountry "GER"]
[BlackTeamCountry "GER"]

1. d4 g6 2. c4 Bg7 3. Nc3 d6 4. e4 Nc6 5. Be3 e5 6. d5 Nce7 7. f3 f5 8. Nge2 Bh6 9. Bf2 Nf6 10. Nc1 0-0 11. Be2 b6 12. Nd3 f4 13. b4 a5 14. a3 axb4 15. axb4 Rxa1 16. Qxa1 g5 17. h3 Nh5 18. c5 bxc5 19. bxc5 Ng6 20. Nb5 Nh4 21. Rg1 Ng3 22. Qa5 Bg7 23. Qxc7 Nxe2 24. Kxe2 Qe8 25. c6 Qh5 26. Nxd6 Bxh3 27. Bxh4 Qxh4 28. gxh3 Qxh3 29. Rxg5 Qh2+ 30. Nf2 1-0

[Event "Landesliga Nord 1314"]
[Site "Bayern"]
[Date "2014.01.19"]
[Round "5.8"]
[White "Suess, Stefan"]
[Black "Helgert, Johannes"]
[Result "0-1"]
[WhiteElo "1966"]
[BlackElo "1993"]
[PlyCount "68"]
[EventDate "2013.10.13"]
[EventType "team"]
[EventRounds "9"]
[EventCountry "GER"]
[SourceTitle "EXT 2015"]
[Source "ChessBase"]
[SourceDate "2014.11.20"]
[SourceVersion "1"]
[SourceVersionDate "2014.11.20"]
[SourceQuality "1"]
[WhiteTeam "Nuernberg NT II"]
[BlackTeam "Wuerzburg"]
[WhiteTeamCountry "GER"]
[BlackTeamCountry "GER"]

1. Nf3 e6 2. d4 Nf6 3. g3 b5 4. Bg2 Bb7 5. 0-0 c5 6. c3 cxd4 7. cxd4 Be7 8. Nbd2 0-0 9. Nb3 d6 10. Bd2 a5 11. Rc1 b4 12. Na1 Qb6 13. Nc2 Na6 14. Bg5 Rac8 15. Bxf6 Bxf6 16. Qd3 Nc7 17. Rfd1 Ba6 18. Qd2 d5 19. Ne3 Nb5 20. Rxc8 Rxc8 21. Ng4 Qd8 22. Nxf6+ Qxf6 23. Rc1 Qd8 24. Rc2 Nd6 25. Ne5 Bc4 26. Nxc4 Rxc4 27. Rxc4 Nxc4 28. Qc2 Nd6 29. Qc5 g6 30. a3 bxa3 31. Qxa3 Qb6 32. Qc5 Qb4 33. b3 Qe1+ 34. Bf1 Ne4 0-1

[Event "Landesliga Nord 1314"]
[Site "Bayern"]
[Date "2013.11.10"]
[Round "2.7"]
[White "Saathoff, Richard"]
[Black "Helgert, Johannes"]
[Result "1-0"]
[WhiteElo "2154"]
[BlackElo "1993"]
[PlyCount "59"]
[EventDate "2013.10.13"]
[EventType "team"]
[EventRounds "9"]
[EventCountry "GER"]
[SourceTitle "EXT 2015"]
[Source "ChessBase"]
[SourceDate "2014.11.20"]
[SourceVersion "1"]
[SourceVersionDate "2014.11.20"]
[SourceQuality "1"]
[WhiteTeam "Nuernberg Sued SW"]
[BlackTeam "Wuerzburg"]
[WhiteTeamCountry "GER"]
[BlackTeamCountry "GER"]

1. e4 e6 2. d4 d5 3. Nc3 Bb4 4. e5 c5 5. a3 Bxc3+ 6. bxc3 Qa5 7. Bd2 Qa4 8. Qg4 g6 9. Qd1 Nc6 10. Nf3 b6 11. Qb1 c4 12. g3 Bd7 13. Bg2 h6 14. h4 0-0-0 15. Qc1 Rf8 16. 0-0 f5 17. exf6 Rxf6 18. Re1 Rh7 19. Re2 Nce7 20. Ne5 Nf5 21. Bf4 Qa5 22. Qd2 b5 23. Qe1 Nxh4 24. gxh4 Rxf4 25. Nxd7 Kxd7 26. Bh3 Ne7 27. Rxe6 Rf5 28. Rxg6 Rhf7 29. Bxf5+ Rxf5 30. Qe6+ 1-0

[Event "Schweinfurt op 23rd"]
[Site "Schweinfurt"]
[Date "2013.06.02"]
[Round "7"]
[White "Kilian, Markus"]
[Black "Helgert, Johannes"]
[Result "1/2-1/2"]
[WhiteElo "1811"]
[BlackElo "2024"]
[PlyCount "31"]
[EventDate "2013.05.30"]
[EventType "swiss"]
[EventRounds "7"]
[EventCountry "GER"]
[SourceTitle "CBM 154 Extra"]
[Source "ChessBase"]
[SourceDate "2013.06.25"]
[SourceVersion "2"]
[SourceVersionDate "2013.06.25"]
[SourceQuality "1"]

1. Nf3 e6 2. d4 Nf6 3. c4 Bb4+ 4. Bd2 Qe7 5. Nc3 0-0 6. e3 d6 7. a3 Bxc3 8. Bxc3 Ne4 9. Qc2 Nxc3 10. Qxc3 Nc6 11. Be2 e5 12. d5 Nb8 13. e4 f5 14. Bd3 fxe4 15. Bxe4 Bf5 16. Bxf5 1/2-1/2

[Event "Schweinfurt op 23rd"]
[Site "Schweinfurt"]
[Date "2013.05.30"]
[Round "2"]
[White "Helgert, Johannes"]
[Black "Falkenstein, Johannes"]
[Result "1-0"]
[WhiteElo "2024"]
[BlackElo "1732"]
[PlyCount "122"]
[EventDate "2013.05.30"]
[EventType "swiss"]
[EventRounds "7"]
[EventCountry "GER"]
[SourceTitle "CBM 154 Extra"]
[Source "ChessBase"]
[SourceDate "2013.06.25"]
[SourceVersion "2"]
[SourceVersionDate "2013.06.25"]
[SourceQuality "1"]

1. b3 Nf6 2. Bb2 b6 3. c4 e6 4. e3 Bb7 5. Nf3 c5 6. Be2 Be7 7. 0-0 0-0 8. Nc3 d5 9. d3 Nbd7 10. Qc2 a6 11. Rfd1 Qc7 12. Rac1 Rfc8 13. cxd5 Nxd5 14. Nxd5 Bxd5 15. e4 Bb7 16. d4 Nf6 17. Bd3 Qf4 18. d5 exd5 19. Bxf6 Bxf6 20. exd5 g6 21. Be4 Rd8 22. g3 Qg4 23. Kg2 Rd6 24. h3 Qd7 25. Nd2 Bd4 26. Nc4 Rf6 27. Ne3 Bc8 28. Rh1 Qd6 29. Rcd1 b5 30. Rhe1 h5 31. Re2 Ra7 32. Rxd4 Bxh3+ 33. Kxh3 cxd4 34. Ng2 Qd7+ 35. Kh2 Rc7 36. Qd3 Rd6 37. Qxd4 Rc1 38. Re1 Rc7 39. Nf4 Qd8 40. Qd3 Qg5 41. Nh3 Qf6 42. Qd2 Kg7 43. Kg2 Rc3 44. Rc1 Rxc1 45. Qxc1 Qe5 46. Qf4 Qe7 47. Ng5 Kg8 48. Bf3 Rf6 49. Qd2 Rf5 50. Ne4 Re5 51. Qd4 f5 52. d6 fxe4 53. dxe7 exf3+ 54. Kxf3 Rxe7 55. Qd6 Rf7+ 56. Kg2 Kg7 57. Qxa6 Rf6 58. Qxb5 Rf5 59. Qd7+ Rf7 60. Qd4+ Kh7 61. a4 Kg8 1-0

[Event "Landesliga Nord 1213"]
[Site "Bayern"]
[Date "2012.12.09"]
[Round "4.8"]
[White "Tiller, Jaroslav"]
[Black "Helgert, Johannes"]
[Result "1/2-1/2"]
[WhiteElo "1979"]
[BlackElo "1888"]
[PlyCount "32"]
[EventDate "2012.10.14"]
[EventType "team-tourn"]
[EventRounds "9"]
[EventCountry "GER"]
[SourceTitle "EXT 2015"]
[Source "ChessBase"]
[SourceDate "2014.11.20"]
[SourceVersion "1"]
[SourceVersionDate "2014.11.20"]
[SourceQuality "1"]
[WhiteTeam "Bindlach II"]
[BlackTeam "Wuerzburg"]
[WhiteTeamCountry "GER"]
[BlackTeamCountry "GER"]

1. d4 e6 2. e4 d5 3. exd5 exd5 4. Bd3 Nc6 5. c3 Bd6 6. Qf3 Nge7 7. Bg5 f6 8. Bh4 Be6 9. Bg3 Qd7 10. Bxd6 Qxd6 11. Ne2 0-0-0 12. Nd2 h5 13. h3 Bf7 14. 0-0-0 g5 15. Ng3 h4 16. Nf5 Nxf5 1/2-1/2

[Event "Landesliga Nord 1213"]
[Site "Bayern"]
[Date "2012.10.14"]
[Round "1.8"]
[White "Helgert, Johannes"]
[Black "Gernert, Ingolf"]
[Result "1-0"]
[WhiteElo "1888"]
[BlackElo "1902"]
[PlyCount "27"]
[EventDate "2012.10.14"]
[EventType "team-tourn"]
[EventRounds "9"]
[EventCountry "GER"]
[SourceTitle "EXT 2015"]
[Source "ChessBase"]
[SourceDate "2014.11.20"]
[SourceVersion "1"]
[SourceVersionDate "2014.11.20"]
[SourceQuality "1"]
[WhiteTeam "Wuerzburg"]
[BlackTeam "Kitzingen"]
[WhiteTeamCountry "GER"]
[BlackTeamCountry "GER"]

1. e4 e5 2. Nf3 Nf6 3. Nxe5 d6 4. Nf3 Nxe4 5. d4 d5 6. Bd3 Be7 7. 0-0 0-0 8. c4 c6 9. Re1 f5 10. Qb3 Kh8 11. Nc3 Nxc3 12. bxc3 b6 13. cxd5 cxd5 14. Rxe7 1-0

[Event "GER-ch Net qual3 U25"]
[Site "Playchess.com INT"]
[Date "2012.09.08"]
[Round "7"]
[White "Helgert, Johannes"]
[Black "Braun, Georg"]
[Result "0-1"]
[WhiteElo "2032"]
[BlackElo "2147"]
[PlyCount "94"]
[EventDate "2012.09.08"]
[EventType "swiss (blitz)"]
[EventRounds "7"]
[EventCountry "GER"]
[SourceTitle "CBM 150 Extra"]
[Source "ChessBase"]
[SourceDate "2012.10.19"]
[SourceVersion "1"]
[SourceVersionDate "2012.10.19"]
[SourceQuality "1"]

1. e4 c5 2. Nf3 d6 3. d4 cxd4 4. Nxd4 Nf6 5. f3 e5 6. Nb3 d5 7. exd5 Qxd5 8. Qxd5 Nxd5 9. Bd2 Nc6 10. Nc3 Nxc3 11. Bxc3 Bf5 12. 0-0-0 f6 13. Bb5 Bd7 14. Rd2 a6 15. Bxc6 Bxc6 16. Rhd1 Be7 17. Na5 Bb5 18. Nxb7 0-0 19. Nd6 Bc6 20. Ne4 Rfd8 21. a3 f5 22. Nd6 Bg5 23. Bxe5 Bxd2+ 24. Rxd2 Rd7 25. f4 g6 26. g3 h5 27. Rd3 h4 28. Rc3 hxg3 29. hxg3 Bg2 30. Kd2 Rad8 31. Rd3 Kf8 32. c4 Ke7 33. c5 Be4 34. Rc3 Ke6 35. Ke3 Bc6 36. b4 Rh7 37. Rc1 Rh3 38. Rg1 Rd7 39. Kd4 Rdh7 40. Kc4 Rh2 41. Bc3 Re2 42. Rd1 Rd7 43. Ra1 Re3 44. Be1 Rh7 45. a4 Rh1 46. Bc3 Rxc3+ 47. Kxc3 Rxa1 0-1

[Event "GER-ch Net qual3 U25"]
[Site "Playchess.com INT"]
[Date "2012.09.08"]
[Round "2"]
[White "Helgert, Johannes"]
[Black "Tkachuk, Konstantyn"]
[Result "0-1"]
[WhiteElo "2032"]
[BlackElo "2217"]
[PlyCount "82"]
[EventDate "2012.09.08"]
[EventType "swiss (blitz)"]
[EventRounds "7"]
[EventCountry "GER"]
[SourceTitle "CBM 150 Extra"]
[Source "ChessBase"]
[SourceDate "2012.10.19"]
[SourceVersion "1"]
[SourceVersionDate "2012.10.19"]
[SourceQuality "1"]

1. e4 c5 2. Nf3 d6 3. d4 cxd4 4. Nxd4 Nf6 5. Nc3 g6 6. Be2 Bg7 7. 0-0 0-0 8. Be3 Nc6 9. Qd2 Ng4 10. Bxg4 Bxg4 11. f3 Nxd4 12. Bxd4 Be6 13. Bxg7 Kxg7 14. Nd5 Bxd5 15. exd5 Qb6+ 16. Kh1 Qxb2 17. Rab1 Qxa2 18. Rxb7 Rac8 19. Qd4+ Kg8 20. Rxa7 Qxc2 21. Rxe7 Rc4 22. Qe3 Qf5 23. Rd1 Rc5 24. Qe4 Qf6 25. Re1 Kg7 26. Rd1 h5 27. h3 Rfc8 28. Qd4 Rc1 29. Qxf6+ Kxf6 30. Ree1 Rxd1 31. Rxd1 Rc5 32. f4 Kf5 33. Rd4 Rc1+ 34. Kh2 Rf1 35. Kg3 h4+ 36. Kxh4 Rxf4+ 37. Rxf4+ Kxf4 38. g3+ Kf5 39. g4+ Kf4 40. g5 Kf5 41. Kg3 Kxg5 0-1